| 000 | 01315cam a2200301 i 4500 | ||
|---|---|---|---|
| 003 | SA_RiAUC | ||
| 005 | 20250101070701.0 | ||
| 008 | 241214s1978____ua g 000 0 ara c | ||
| 035 | _aAUC_OC_5504 | ||
| 040 |
_aSA-JeALM _bara _cSA-RiAUC _erda |
||
| 082 | 0 | 4 |
_a243 _qSA-RiAUC |
| 090 |
_a243 _bهـ ن د |
||
| 100 | 1 |
_aالهندي، رحمة الله بن خليل الرحمن، _d1233-1308 هجري _eمؤلف. |
|
| 245 | 1 | 2 |
_aالتنبيهات في إثبات الاحتياج إلى البعثة والحشر / _cتأليف رحمة الله العثماني الكيرانوي ؛ تقديم وتحقيق وتعليق بركات عبد الفتاح دويدار. |
| 264 | 1 |
_a[مكان النشر غير محدد] : _b[الناشر غير محدد]، _c1978 |
|
| 264 | 3 |
_aالقاهرة : _bمطبعة السعادة _c1978 |
|
| 300 |
_a100 صفحة ؛ _c20 سم |
||
| 336 |
_aنص _btxt _2rdacontent _3كتاب |
||
| 337 |
_aبدون وسيط _bn _2rdamedia |
||
| 338 |
_aمجلد _bnc _2rdacarrier |
||
| 650 | 7 |
_aالبعث _2aucsh |
|
| 650 | 7 |
_aالسمعيات _2aucsh |
|
| 650 | 7 |
_aيوم القيامة _2aucsh |
|
| 650 | 7 |
_aالوعظ والإرشاد _2aucsh |
|
| 700 | 1 |
_aدويدار، بركات عبد الفتاح _eمحقق. |
|
| 942 |
_2ddc _cBOOK _n0 |
||
| 949 |
_aSA-JeALM _d241214 _uosman123 _n1 |
||
| 999 |
_c4242 _d4242 |
||